000 00719nam a2200217Ii 4500
003 JO-AjNU
008 230605s9999||||xx |||||||||||||| ||und||
017 _a2007/2508
020 _a977-422-036-6
040 _aJO-AjNU
_bara
_erda
_cJO-AjNU
041 _aara
050 1 4 _aK3842.I3754.2007
100 3 _a إبراهيم ، خالد ممدوح ,
_eauthor
_932570
245 0 0 _aحماية المستهلك فى المعاملات الإلكترونية " دراسة مقارنة "
250 _a(د،ط)
264 3 1 _aالاسكندرية : الدار الجامعية ، 2007
300 _a366ص
336 _atext
_btxt
_2rdacontent
337 _aunmediated
_bn
_2rdamedia
338 _avolume
_bnc
_2rdacarrier
999 _aA13165
_c16733
_d16733